03712nam a2200553Ia 45000010005000000080041000050100009000460410014000550820014000692450209000832600011002923000007003035200007003106300024003176300013003416300020003546500021003746900014003957000027004097000042004367000040004787000033005189010091005519020006006429030067006489040018007159050021007339060006007549070014007609080014007749090063007889100015008519110010008669120014008769130009008909140028008999150019009279160009009469170009009559180014009649190024009785202097010029210007030999220007031069230006031139240014031199420010031339990015031433969241029s9999 xx 000 0 und d a3726 aEspañol aNO APLICA 0aEfectos de la enfermedad terminal en la estabilidad familiar en los pacientes de Oncología, asistidos en el Hospital Regional San Vicente de Paúl de San Francisco de Macorís, República Dominicana. aDuarte a69 a31 aEducación y Salud aHistoria aInvestigación aTerapia Familiar aElaborado easesoraReyes, Rafael  eautoraRodríguez, Gisela Germosén eautoraCruz Ferreira, Gleny Antonia easesoraÁlvarez, Martha  a{"1":"Rodríguez","2":"Cruz Ferreira"}b{"1":"Gisela Germosén","2":"Gleny Antonia"} a2 a{"1":"Álvarez","2":"Reyes"}b{"1":"Martha ","2":"Rafael "} aMagíster en aTerapia Familiar a2 aNO APLICA aNO APLICA aUniversidad Nacional Evangélica (UNEV), Recinto Santiago aNULLbNULL a["1"] aNO APLICA aNULL a05 de Diciembre de 2011 a06/12/19 10:12 aNULL aNULL aNO APLICA a["315","232","126"] aLa investigación consistió en analizar los efectos de la enfermedad terminal en la estabilidad familiar en los pacientes de Oncología, asistidos en el Hospital Regional San Vicente de Paúl de San Francisco de Macorís, República Dominicana, período abril - mayo 2011.La metodología aplicada del estudio fue descriptiva, ya que el propósito de las investigadoras en este tipo de estudio consiste en describir situaciones, hechos y eventos. Además, fue descriptivo porque se seleccionó una serie de cuestiones y se midió o se recolectó información sobre cada una de ellas, para así describir lo que se investiga. También, es un estudio transaccional, porque se recolectaron datos en un sólo momento, en un tiempo único. Universo A: compuesto por veintidós (22) pacientes terminales asistidos en el Hospital Regional San Vicente de Paúl. Universo B: veintidós (22) cónyuges y veintidós (22) hijos, miembros de la familia nuclear de los pacientes de Oncología asistidos en el Hospital Regional San Vicente de Paúl.Las conclusiones revelan que el 41% tiene una familia de tipo nuclear funcional, es decir, funcional compuesta por cónyuge e hijos. El 18% tiene una configuración familiar matriarcal, que implica que reside junto a las abuelas. El 32% tiene familia separada, que ha afrontado un divorcio. El 9% es madre soltera. Se verifica que no hay padres solteros. Se comprueba que, el 28% de los pacientes terminales tenía una estabilidad familiar alta, el 27% corresponde a una estabilidad familiar promedio, 27% tiene una estabilidad familiar funcional, sólo 18% tenía estabilidad familiar baja. La estabilidad familiar se reconoce debido al equilibrio de tener hogar propio, con residencia de ambos cónyuges, tener más de cinco años del último domicilio y no vivir con familias extensas. Se le recomienda nombrar personal de terapia familiar en los diferentes subcentros de salud. A fin de ofrecer atención gratuita y de calidad a los adolescentes, niños y familiares de los pacientes con enfermedad terminal asistidos. a11 a11 a0 aNO APLICA cTesis c3726d3726